Puerto Rico Slang Words - Statistics

General Stats
  • This quiz has been taken 194 times
  • The average score is 5 of 15
Answer Stats
Spanish English % Correct
Boricua A Puerto Rican person
90%
Chavos money
76%
Hanguiar Hang out
65%
Mano brother
58%
Tapon traffic
57%
Al Garete crazy
36%
Mamey easy
32%
Broki friend
32%
jumeta drunk
19%
Acicalao well dressed
4%
Bembe big party
2%
brutal beyond awesome
1%
Duro good at something
1%
Gufear to fool around
1%
Bregar to struggle
0%
No matching quizzes found
Score Distribution
Percent of People with Each Score
Percentile by Number Answered
Your Score History
You have not taken this quiz